Normal view
MARC view
- PHILLIPS,KEVIN
Entry Personal Name
001 - CONTROL NUMBER
- control field: 134378
003 - CONTROL NUMBER IDENTIFIER
- control field: NUST
005 - DATE AND TIME OF LATEST TRANSACTION
- control field: 20260507163816.0
008 - FIXED-LENGTH DATA ELEMENTS
- fixed length control field: 260507|| aca||aabn | a|a d
040 ## - CATALOGING SOURCE
- Original cataloging agency: NUST
- Transcribing agency: NUST
100 ## - HEADING--PERSONAL NAME
- Personal name: PHILLIPS,KEVIN
670 ## - SOURCE DATA FOUND
- Source citation: Work cat.: (NUST): PHILLIPS,KEVIN., AMERICAN DYNASTY ARISTOCRACY FORTUNE AND THE POLITICS OF DECEIT IN THE HOUSE OF BUSH /, 2004.
